000 01125nam a2200265Ia 4500
003 OSt
005 20221005111558.0
006 a|||||r|||| 00| 0
007 ta
008 221004b |||||||| |||| 00| 0 hin d
020 _a9789381582268 (hbk)
_cIndian Rupees 295
024 _a44126
037 _bGift, 06/06/2019,
_cTextual
040 _aCRL
_cCRL
_bhin
041 _2hin
_ahin
082 _aYZwN37, 152Q2
100 _aचतुर्वेदी, जगदीश्वर, ले.
245 0 _aअन्ना हजारे
_b मीडिया, भ्रष्टाचार और डिजिटल कैपीटलिज़्म
246 _aAnnā hajāre: mīḍiyā, bhraṣhṭāchār aur ḍijiṭal kaipīṭalija़ma
260 _aनई दिल्ली
_bस्वराज प्रकाशन भारत
_c2012
300 _a196पृ0
_ccm.
650 _aभारतीय-लोक साहित्य
942 _hYZwN37, 152Q2
_cTEXL
_2cc
999 _c1022232
_d1022232